Each NFL team's best player at each position - Statistics

General Stats
  • This quiz has been taken 43 times
    32 since last reset
  • The average score is 35 of 128
Answer Stats
Team Player Position % Correct
49ers Joe Montana QB
96%
49ers Jerry Rice WR
80%
Bengals Joe Burrow QB
68%
Bills Josh Allen QB
68%
49ers George Kittle TE
64%
Chargers Phillip Rivers QB
60%
Buccaneers Tom Brady QB
60%
Bears Walter Payton RB
60%
Browns Jim Brown RB
56%
Broncos John Elway QB
56%
Colts Marvin Harrison WR
56%
Buccaneers Mike Evans WR
56%
Chiefs Patrick Mahomes QB
56%
Colts Peyton Manning QB
56%
Chargers LaDainian Tomlinson RB
52%
Chiefs Travis Kelce TE
52%
Cowboys Troy Aikman QB
52%
Cowboys Emmitt Smith RB
48%
Bears Jay Cutler QB
48%
Cardinals Larry Fitzgerald WR
48%
Panthers Cam Newton QB
44%
Bengals Chad Johnson WR
44%
Dolphins Dan Marino QB
44%
Saints Drew Brees QB
44%
Rams Kurt Warner QB
44%
Ravens Lamar Jackson QB
44%
Bills OJ Simpson RB
44%
Patriots Tom Brady QB
44%
Packers Aaron Rodgers QB
40%
Chargers Antonio Gates TE
40%
Giants Eli Manning QB
40%
Patriots Rob Gronkowski TE
40%
Saints Alvin Kamara RB
36%
Lions Barry Sanders RB
36%
Steelers Ben Roethlisberger QB
36%
Lions Calvin Johnson WR
36%
49ers Frank Gore RB
36%
Eagles Jalen Hurts QB
36%
Commanders Joe Theismann QB
36%
Falcons Julio Jones WR
36%
Chargers Keenan Allen WR
36%
Ravens Mark Andrews TE
36%
Lions Matthew Stafford QB
36%
Falcons Matt Ryan QB
36%
Vikings Randy Moss WR
36%
Seahawks Russell Wilson QB
36%
Chiefs Tyreek Hill WR
36%
Vikings Adrian Peterson RB
32%
Steelers Antonio Brown WR
32%
Panthers Christian McCaffrey RB
32%
Rams Cooper Kupp WR
32%
Packers Davante Adams WR
32%
Colts Edgerrin James RB
32%
Patriots Julian Edelman WR
32%
Seahawks Marshawn Lynch RB
32%
Browns Otto Graham QB
32%
Eagles Saquon Barkley RB
32%
Bills Andre Reed WR
28%
Raiders Derek Carr QB
28%
Vikings Fran Tarkenton QB
28%
Panthers Greg Olsen TE
28%
Cowboys Jason Witten TE
28%
Jets Joe Namath QB
28%
Bears Mike Ditka TE
28%
Panthers Steve Smith Sr. WR
28%
Broncos Terrell Davis RB
28%
Eagles Zach Ertz TE
28%
Rams Erik Dickerson RB
24%
Steelers Jerome Bettis RB
24%
Cardinals Kyler Murray QB
24%
Texans Matt Schaub QB
24%
Browns Ozzie Newsome TE
24%
Chiefs Priest Holmes RB
24%
Falcons Tony Gonzalez TE
24%
TItans Warren Moon QB
24%
TItans Derrick Henry RB
20%
Dolphins Larry Csonka RB
20%
Raiders Marcus Allen RB
20%
Giants Odell Beckham Jr. WR
20%
Seahawks Tyler Lockett WR
20%
Jaguars Blake Bortles QB
16%
Jets Curtis Martin RB
16%
Eagles DeSean Jackson WR
16%
Cowboys Dez Bryant WR
16%
Steelers Heath Miller TE
16%
Ravens Jamal Lewis RB
16%
Commanders John Riggins RB
16%
Commanders Terry McLaurin WR
16%
Giants Tiki Barber RB
16%
Packers Aaron Jones RB
12%
Texans Arian Foster RB
12%
Jets Don Maynard WR
12%
Saints Marques Colston WR
12%
Broncos Rod Smith WR
12%
Raiders Brock Bowers TE
8%
Bills Dawson Knox TE
8%
Ravens Derrick Mason WR
8%
Jaguars Fred Taylor RB
8%
Bengals Ickey Woods RB
8%
Giants Jeremy Shockey TE
8%
Seahawks Jimmy Graham TE
8%
Colts John Mackey TE
8%
Cardinals Ottis Anderson RB
8%
Saints Taysom Hill TE
8%
Raiders Tim Brown WR
8%
Cardinals Trey McBride TE
8%
Rams Tyler Higbee TE
8%
Jaguars Calvin Ridley WR
4%
Lions Charlie Sanders TE
4%
Texans DeAndre Hopkins WR
4%
Buccaneers Jimmie Giles TE
4%
Broncos Julius Thomas TE
4%
Vikings Kyle Rudolph TE
4%
Jets Mickey Shuler TE
4%
Bengals Tyler Eifert TE
4%
Browns Braylon Edwards WR
0%
Commanders Chris Cooley TE
0%
Titans Ernest Givins WR
0%
Titans Frank Wycheck TE
0%
Bears Harlon Hill WR
0%
Buccaneers James Wilder RB
0%
Patriots Kevin Faulk RB
0%
Jaguars Marcedes Lewis TE
0%
Dolphins Mark Duper WR
0%
Falcons Michael Turner RB
0%
Texans Owen Daniels TE
0%
Dolphins Randy McMichael TE
0%
Packers Ron Kramer TE
0%
No matching quizzes found
Score Distribution
Percent of People with Each Score
Percentile by Number Answered
Your Score History
You have not taken this quiz since the last reset